Online Catalogue and eLibrary

Buddhism transformed : (Record no. 4463)

MARC details
000 -LEADER
fixed length control field 00449nam a2200169Ia 4500
005 - DATE AND TIME OF LATEST TRANSACTION
control field 20240731041530.0
008 - FIXED-LENGTH DATA ELEMENTS--GENERAL INFORMATION
fixed length control field 240331s9999 xx 000 0 und d
020 ## - INTERNATIONAL STANDARD BOOK NUMBER
ISBN 8120807022
082 ## - DDC Classification
Item Number - Author Mark GOM
100 ## - MAIN ENTRY--PERSONAL NAME
Personal name Gombrich,R
245 #0 - TITLE STATEMENT
Title Buddhism transformed :
Remainder of title religious change in Sri Lanka
260 ## - PUBLICATION, DISTRIBUTION, ETC.
Place of publication, distribution, etc. New Delhi
Name of publisher, distributor, etc. Motilal Bandrsidass Publishers Pvt Ltd
Date of publication, distribution, etc. 1988
300 ## - PHYSICAL DESCRIPTION
Extent (e.g. Volumes, Pages etc.) xvi, 484 p .,
650 ## - SUBJECT ADDED ENTRY--TOPICAL TERM
Topical term or geographic name entry element Social
650 ## - SUBJECT ADDED ENTRY--TOPICAL TERM
Topical term or geographic name entry element Cultural
942 ## - Koha item type (Biblio)
Koha item type Books in Stacks (Lending)
Holdings
Lost status Damaged status Collection code Home library Current library Shelving location Date acquired Full call number Accession Number Item type
    Lending WERC Library WERC Library Social Science Cupboard 03/31/2024 294 GOM 1347 Books in Stacks (Lending)

© WERC Library